| 000 | 00330nam a22001337a 4500 | ||
|---|---|---|---|
| 999 |
_c532062 _d532062 |
||
| 003 | NUST | ||
| 005 | 20191107115613.0 | ||
| 038 | _aM.Ramzan | ||
| 082 |
_a690.0218 _bSMI |
||
| 100 |
_aDavid Smith, William. _925359 |
||
| 245 | _aMcGraw-Hill on site Guide to Building / | ||
| 260 |
_aNew York: _bMcGraw Hill, _c2001. |
||
| 942 |
_2ddc _cBK |
||